Statistics for Countries with the Longest Road Networks Quiz

Click here to take the quiz!

General Stats

  • This quiz has been taken 32,481 times
    (32,169 since last reset)
  • The average score is 18 of 20

Answer Stats

Length (km)Answer% Correct
6,853,024United States
100%
5,012,500China
99%
1,529,373Russia
99%
1,751,868Brazil
97%
1,042,300Canada
97%
965,446France
97%
644,480Germany
97%
397,039United Kingdom
97%
5,903,293India
96%
920,217Australia
94%
683,175Spain
94%
487,700Italy
91%
1,215,000Japan
90%
423,997Poland
82%
750,014South Africa
81%
950,974Indonesia
79%
579,564Sweden
77%
426,906Turkey
77%
454,000Finland
67%
1,052,210Thailand
63%

Score Distribution

Percentile by Number Answered

Percent of People with Each Score

Your Score History

You have not taken this quiz since the last reset